Miesiące po Angielsku - Statystyki

Ogólne statystyki
  • Ten quiz został rozwiązany 161 razy
  • Średni wynik to 11 z 12
Statystyki odpowiedzi
Polski Angielski % Poprawnych
Styczeń January
96%
Maj May
96%
Kwiecień April
95%
Luty February
95%
Listopad November
95%
Październik October
95%
Grudzień December
94%
Marzec March
94%
Lipiec July
92%
Wrzesień September
92%
Sierpień August
91%
Czerwiec June
90%
Nie znaleziono quizów pasujących do podanych kryteriów
Rozkład punktacji
Procent ludzi z każdym wynikiem
Percentyl według liczby udzielonych odpowiedzi
Twoja historia wyników
Nie rozwiązałeś tego quizu